000 00340nam a2200133Ia 4500
008 240624s9999 xx 000 0 und d
041 _aeng
082 _a338.5 KOL
100 _aKOLMAR MARTIN
245 _aWORKBOOK FOR PRINCIPLES OF MICROECONOMIC
260 _c2018
_aLondon
_bSpringer
300 _aix, 242 p,: 23 cm.
365 _cERU
_b35
999 _c31645
_d31645